000 00917cab a2200301 4500
001 ABS54133
008 090401t1995 xxu||||| |||| 00| 0 eng d
035 _a(Sirsi) u8730
041 _aeng
245 2 _aA landmark for Leith
260 _c1995
350 _a0
490 _aArchitects` Journal
_v202(22) 7 December 1995, 29-37(9)
520 _aScotland`s design for a new Scottish Office building at Victoria Quay has helped kickstart regeneration of a rundown area.
650 _aBUILT ENVIRONMENT-BUILDING COSTS
650 _aBUILT ENVIRONMENT-CONSTRUCTION DESIGN
650 _aCOST ANALYSIS
650 _aENERGY EFFICIENT OFFICES
650 _aGOVERNMENT BUILDINGS
650 _aLEITH
650 _aOFFICE BUILDINGS
650 _aSCOTLAND
650 _aSCOTTISH OFFICE
650 _aURBAN REGENERATION
690 _aBUILDING AND CONSTRUCTION-PROJECTS
942 _n0
948 _c04/03/1997
999 _c5414
_d5414